000 00782nam a2200193Ii 4500
003 JO-AjNU
008 230605s9999||||xx |||||||||||||| ||und||
040 _aJO-AjNU
_bara
_erda
_cJO-AjNU
041 _aara
050 1 4 _aJQ1833.2012
100 3 _aشتيوي، موسى,
_eauthor
_946126
245 0 0 _aدور مؤسسات المجتمع المدني في الإصلاح السياسي في الأردن
264 3 1 _aعمان،الاردن: الجامعة الاردنية، مركز الدراسات الاستراتيجية، 2012
300 _a57ص
336 _atext
_btxt
_2rdacontent
337 _aunmediated
_bn
_2rdamedia
338 _avolume
_bnc
_2rdacarrier
650 4 _aالاردن -- سياسة وحكومة -- الاردن -- الاحوال السياسية
_946127
999 _aA20044
_c23612
_d23612